| 000 | 00481 a2200145 4500 | ||
|---|---|---|---|
| 005 | 20250507095453.0 | ||
| 020 | _a0-273-70559-8 | ||
| 082 | _a658.3 RIG | ||
| 245 | _aCritical Human Resources Development : Beyond Orthodoxy. | ||
| 260 |
_aLondon, _bPrentice Hall, _c2007. |
||
| 300 |
_aX, 297P.: ill.; _bBibliographical References & Index _c24cm. |
||
| 700 | _aRIGG, C. & STEWART, J. & TREHAN, K. | ||
| 856 |
_yAccess Online Book _fDevelopment _dwww.pearsoned.co.com |
||
| 942 |
_2ddc _cBKS |
||
| 999 |
_c2080 _d2080 |
||